Полное собрание сочинений и писем. Т. 4: Драматические произведения (Запись № 7783139)

Подробности
000 -МАРКЕР
контрольное поле 01741nam2a22002771 4500
001 - ИДЕНТИФИКАТОР ЗАПИСИ
контрольное поле rc\4122897
005 - ИДЕНТИФИКАТОР ВЕРСИИ
контрольное поле 20250611101103.0
021 ## - НОМЕР ГОСУДАРСТВЕННОЙ РЕГИСТРАЦИИ
Код страны Российская Федерация
Номер [50-12060]
035 ## - ДРУГИЕ СИСТЕМНЫЕ НОМЕРА
Идентификатор записи (NLR Aleph) 008153133
100 ## - ДАННЫЕ ОБЩЕЙ ОБРАБОТКИ
Данные общей обработки 20130415d1950 |||y0rusy50 ca
101 0# - ЯЗЫК РЕСУРСА
Язык текста, звукозаписи и т.д. русский
102 ## - СТРАНА ПУБЛИКАЦИИ ИЛИ ПРОИЗВОДСТВА
Страна публикации Российская Федерация
105 ## - ПОЛЕ КОДИРОВАННЫХ ДАННЫХ: ТЕКСТОВЫЕ МАТЕРИАЛЫ, МОНОГРАФИЧЕСКИЕ
Кодированные данные о монографическом текстовом документе a z |||a|
200 1# - ЗАГЛАВИЕ И СВЕДЕНИЯ ОБ ОТВЕТСТВЕННОСТИ
Основное заглавие Драматические произведения
Первые сведения об ответственности [Подгот. текста и коммент. К.К. Бухмейер и др.
Последующие сведения об ответственности Ред. В.Е. Евгеньева-Максимова]
-- Под общ. ред. В.Е. Евгеньева-Максимова [и др.]
210 ## - ПУБЛИКАЦИЯ, РАСПРОСТРАНЕНИЕ И ДР.
Дата издания, распространения и т.д. 1950
Имя изготовителя Образцовая тип. им. Жданова
Место издания, распространения и т.д. Б. м.
215 ## - ФИЗИЧЕСКАЯ ХАРАКТЕРИСТИКА
Специфическое обозначение материала и объем 667 с., 5 л. ил.
461 #0 - УРОВЕНЬ НАБОРА
Встроенное поле 001rc\4122893
-- 2001#$aПолное собрание сочинений и писем$fПод общ. ред. В.Е. Евгеньева-Максимова, А.М. Еголина и К.И. Чуковского. Т. 1-$vТ. 4
-- 700#1$3RU\NLR\AUTH\776255$aНекрасов$bН. А.$cпоэт$f1821-1877$gНиколай Алексеевич
Системный номер (АБИС) связанной записи 7783132
Автор Некрасов, Н. А. (поэт ; 1821-1877)
Место публикации Москва
Дата публикации 1900-1953
Первые сведения об ответственности Под общ. ред. В.Е. Евгеньева-Максимова, А.М. Еголина и К.И. Чуковского. Т. 1-
Имя издателя, распространителя и т.д. Гос. изд-во худож. лит.
Заглавие Полное собрание сочинений и писем
Номер тома Т. 4
702 #1 - ИМЯ ЛИЦА - ВТОРИЧНАЯ ОТВЕТСТВЕННОСТЬ
Начальный элемент ввода Евгеньев-Максимов
Часть имени, кроме начального элемента ввода В.Е.
Расширение инициалов личного имени Владислав Евгеньевич
Код отношения Редактор
702 #1 - ИМЯ ЛИЦА - ВТОРИЧНАЯ ОТВЕТСТВЕННОСТЬ
Начальный элемент ввода Бухмейер
Часть имени, кроме начального элемента ввода К.К.
Расширение инициалов личного имени Ксения Константиновна
Код отношения Комментатор печатного текста
801 #0 - ИСТОЧНИК ЗАПИСИ
Страна Российская Федерация
Организация NLR
Правила каталогизации psbo
801 #1 - ИСТОЧНИК ЗАПИСИ
Страна Российская Федерация
Организация ELAR
Источник данных rusmarc
852 ## - МЕСТОНАХОЖДЕНИЕ И ШИФР ХРАНЕНИЯ
Идентификатор организации NLR
Шифр хранения (Call Number) Л30 Г-3/1037
942 ## - ДОПОЛНИТЕЛЬНЫЕ ЭЛЕМЕНТЫ ЗАПИСИ (АБИС)
Тип экземпляра АБИС Книга
980 ## - КОЛЛЕКЦИЯ
Название коллекции Национальная библиография
Экземпляры
Тип экземпляра Дата поступления Библиотека постоянного хранения Библиотека текущего хранения Место хранения Шифр хранения Штрих-код Статус экземпляра
Книга 26.10.2013 РНБ (Садовая) РНБ (Садовая) Русский книжный фонд -Главное здание, Ленинский читальный зал Л30 Г-3/1037 8153133-10